000 00416nam a2200181Ia 4500
001 1667
005 20260306143745.0
008 260306t2007||||xx |||||||||||||| ||spa||
041 _aESP
082 _a153.93
_bE91
100 _aEsquivel y Ancona, Fayne
_eAUT
245 0 _aPsicodiagnóstico Clínico del Niño
260 _c2007
300 _a
_c
650 _aGEN
654 _aCPS
942 _cLIB
_dJUS
_fJUS
_2ddc
_n
999 _c1667
_d1667